书目信息 |
| 题名: |
英美报刊核心商务术语释义
|
|
| 作者: | 兰磊 编著 | |
| 分册: | ||
| 出版信息: | 北京 中国对外经济贸易出版社 2003.07 |
|
| 页数: | 455页 | |
| 开本: | 23cm | |
| 丛书名: | ||
| 单 册: | ||
| 中图分类: | F7-61 | |
| 科图分类: | ||
| 主题词: | 商务--名词术语--英文--解释 | |
| 电子资源: | ||
| ISBN: | 7-80181-116-X | |
| 000 | 00939nam0 2200229 450 | |
| 001 | 0120046111 | |
| 005 | 20050913112627.04 | |
| 010 | @a7-80181-116-X@dCNY50.00 | |
| 100 | @a20050913d2003 km y0chiy0120 ea | |
| 101 | 0 | @achi@aeng |
| 102 | @aCN@b110000 | |
| 105 | @ay z 000yy | |
| 200 | 1 | @a英美报刊核心商务术语释义@AYing Mei Bao Kan He Xin Shang Wu Shu Yu Shi Yi@d= Interpretation on the core business terminology for western journals@f兰磊编著@FLan Lei Bian Zhu@zeng |
| 210 | @a北京@c中国对外经济贸易出版社@d2003.07 | |
| 215 | @a455页@d23cm | |
| 330 | @a本书全面准确地诠释了英美报刊中常见的商业用语, 其中涉及贸易、企业组织、生产管理、会计、财务、税收、银行、证券、保险、宏观经济等。 | |
| 510 | 1 | @aInterpretation on the core business terminology for western journals@zeng |
| 606 | 0 | @a商务@x名词术语@x英文@x解释 |
| 690 | @aF7-61@v4 | |
| 701 | 0 | @a兰磊@ALan Lei@4编著 |
| 801 | 0 | @aCN@bQSSK@c20050913 |
| 905 | @a10447@dF7-61@eL036 | |
| 英美报刊核心商务术语释义= Interpretation on the core business terminology for western journals/兰磊编著.-北京:中国对外经济贸易出版社,2003.07 |
| 455页;23cm |
| ISBN 7-80181-116-X:CNY50.00 |
| 本书全面准确地诠释了英美报刊中常见的商业用语, 其中涉及贸易、企业组织、生产管理、会计、财务、税收、银行、证券、保险、宏观经济等。 |
| ● |
| 相关链接 |
|
|
|
正题名:英美报刊核心商务术语释义
索取号:F7-61/L036
 
预约/预借
| 序号 | 登录号 | 条形码 | 馆藏地/架位号 | 状态 | 备注 |
| 1 | 570066 | 205700669 | 社科二线422/422社科库 7排1列1层/ [索取号:F7-61/L036] | 在馆 | |
| 2 | 570067 | 205700678 | 社科二线422/422社科库 6排2列1层/ [索取号:F7-61/L036] | 在馆 | |
| 3 | 570068 | 205700687 | 社科库409/409社科库 40排4列4层/ [索取号:F7-61/L036] | 在馆 |